Central Library OPAC University of Rajshahi

Mathematical theory of reliability / (Record no. 53458)

MARC details
000 -LEADER
fixed length control field 01001nam a2200289 a 4500
001 - CONTROL NUMBER
control field 53458
003 - CONTROL NUMBER IDENTIFIER
rucl marc code BD-RjUL
005 - DATE AND TIME OF LATEST TRANSACTION
control field 20211209075950.0
008 - FIXED-LENGTH DATA ELEMENTS--GENERAL INFORMATION
fixed length control field 161015s1996 pau b 001 0 eng
020 ## - INTERNATIONAL STANDARD BOOK NUMBER
International Standard Book Number 0898713692 (pbk.)
035 ## - SYSTEM CONTROL NUMBER
System control number (BD-RjUL)53578
040 ## - CATALOGING SOURCE
Original cataloging agency DLC
Transcribing agency DLC
Modifying agency BD-RjUL
Language of cataloging eng
041 ## - LANGUAGE CODE
Language code of text/sound track or separate title eng
082 00 - DEWEY DECIMAL CLASSIFICATION NUMBER
Classification number 620.00452
Edition number 23
Author mark and year BAM 1996
100 1# - MAIN ENTRY--PERSONAL NAME
Personal name Barlow, Richard E.
9 (RLIN) 159802
245 10 - TITLE STATEMENT
Title Mathematical theory of reliability /
Statement of responsibility, etc. Richard E. Barlow, Frank Proschan, with contributions by Larry C. Hunter.
260 ## - PUBLICATION, DISTRIBUTION, ETC. (IMPRINT)
Place of publication, distribution, etc. Philadelphia :
Name of publisher, distributor, etc. SIAM,
Date of publication, distribution, etc. c1996.
300 ## - PHYSICAL DESCRIPTION
Pagination xvii, 258 p. :
Illustrations ill. ;
Size 24 cm.
504 ## - BIBLIOGRAPHY, ETC. NOTE
Bibliography, etc Includes bibliographical references and Indexes.
650 #0 - SUBJECT ADDED ENTRY--TOPICAL TERM
Topical term or geographic name as entry element Reliability (Engineering)
General subdivision Mathematical models.
9 (RLIN) 159803
Topical term or geographic name as entry element Mathematical statistics.
9 (RLIN) 159804
Topical term or geographic name as entry element Probabilities.
9 (RLIN) 159805
700 1# - ADDED ENTRY--PERSONAL NAME
Personal name Proschan, Frank,
Dates associated with a name 1921-
Personal name Hunter, Larry C.
942 ## - ADDED ENTRY ELEMENTS (KOHA)
Source of classification or shelving scheme Dewey Decimal Classification
Koha item type Books
Holdings
Lost status Source of classification or shelving scheme Damaged status Not for loan Collection code Permanent Location Current Location Shelving location Date acquired Source of acquisition Cost, normal purchase price Total Checkouts Full call number Date last seen Copy number Koha item type
  Dewey Decimal Classification     Non-fiction Central Library, University of Rajshahi Central Library, University of Rajshahi   10/12/2009 Dhaka,Paragon Enterprise Lit., 588.42   620.00452 BAM 1996 15/10/2016 C-2 Books
  Dewey Decimal Classification   Not For Loan Non-fiction Central Library, University of Rajshahi Central Library, University of Rajshahi Reading Room 10/12/2009 Dhaka, Ahosamia Mission Book Dist: House 5887.42   620.00452 BAM 1996 20/03/2017 C-1 Books